000 00550nam a2200169 i 4500
001 59153
003 ES-MaACL
005 20230906163957.0
007 t|
008 031027s1980 sp ||||1| spa d
100 1 _aEliade, Mircea.
_946955
245 1 3 _aLa prueba del laberinto
_b: conversaciones con Claude-Henri Rocquet /
_cMircea Eliade ; [lo tradujo, J. Valiente Malla].
260 _aMadrid :
_bCristiandad,
_c[1980]
300 _a204 p., 4 lám. ;
_c23 cm.
700 1 _aValiente Malla, Jesús.
_9112697
852 _aES-MaACL
_jL-135
_bR.100735
999 _c59153
_d59153